Infants, Children, and Adolescents - International Student Edition (Record no. 44198)

MARC details
003 - CONTROL NUMBER IDENTIFIER
control field DLC
005 - DATE AND TIME OF LATEST TRANSACTION
control field 20260330101437.0
008 - FIXED-LENGTH DATA ELEMENTS--GENERAL INFORMATION
fixed length control field 2023s2023 xx 000 0 eng d
020 ## - INTERNATIONAL STANDARD BOOK NUMBER
International Standard Book Number 9781071897096
040 ## - CATALOGING SOURCE
Original cataloging agency DLC
Language of cataloging eng
050 #4 - LIBRARY OF CONGRESS CALL NUMBER
Classification number RJ 131 .B47 2023
100 1# - MAIN ENTRY--PERSONAL NAME
Personal name Berk, Laura E.
Relator term author.
245 10 - TITLE STATEMENT
Title Infants, Children, and Adolescents - International Student Edition
Statement of responsibility, etc Berk, Laura E..
250 ## - EDITION STATEMENT
Edition statement 9th ed.
264 #1 - PUBLICATION, DISTRIBUTION, ETC. (IMPRINT)
Name of publisher, distributor, etc SAGE Publications, Incorporated
Date of publication, distribution, etc 2023
300 ## - PHYSICAL DESCRIPTION
Extent xxiv, 654p. ill.
336 ## - CONTENT TYPE
Source CC
338 ## - CARRIER TYPE
Source CC
650 #0 - SUBJECT ADDED ENTRY--TOPICAL TERM
Topical term or geographic name as entry element Child development
650 #0 - SUBJECT ADDED ENTRY--TOPICAL TERM
Topical term or geographic name as entry element Developmental psychology
650 #0 - SUBJECT ADDED ENTRY--TOPICAL TERM
Topical term or geographic name as entry element Child psychology
650 #0 - SUBJECT ADDED ENTRY--TOPICAL TERM
Topical term or geographic name as entry element Adolescent psychology
942 ## - ADDED ENTRY ELEMENTS (KOHA)
Source of classification or shelving scheme Library of Congress Classification
Koha item type Books
Holdings
Withdrawn status Lost status Source of classification or shelving scheme Damaged status Not for loan Permanent Location Current Location Date acquired Total Checkouts Full call number Barcode Date last seen Price effective from Koha item type
    Library of Congress Classification     NILE UNIVERSITY OF NIGERIA - MAIN LIBRARY NILE UNIVERSITY OF NIGERIA - MAIN LIBRARY 03/30/2026   RJ 131 .B47 2023 0199601 03/30/2026 03/30/2026 Books